|
|
|
|
| LEADER |
00000nam a2200000 a 4500 |
| 001 |
vtls001183252 |
| 003 |
SK-MaSNL |
| 005 |
20260301063600.0 |
| 008 |
251113s1995 xr a 0 cze |
| 020 |
|
|
|a 8090182429
|c [36,00]
|
| 035 |
|
|
|a SNK000126301
|
| 040 |
|
|
|a SNK
|b slo
|c SNK
|e AACR2
|
| 044 |
|
|
|a xr
|c CZ
|
| 080 |
|
|
|a 655.26
|2 1981
|
| 100 |
1 |
|
|a Beran, Vladimír
|4 aut
|9 283022
|
| 245 |
0 |
|
|a Sazba akcidenčních tiskovin
|c Vladimír Beran
|
| 260 |
|
|
|a Náchod
|b Manuál
|c [1995]
|
| 300 |
|
|
|a 56 s.
|c 25 cm
|
| 490 |
1 |
|
|a Manuál v praxi
|
| 650 |
0 |
7 |
|a typografia
|2 SNKPH
|9 13578
|
| 650 |
0 |
7 |
|a sadzba (typografia)
|2 SNKPH
|9 142747
|
| 650 |
0 |
7 |
|a príležitostné tlače
|2 konspekt
|9 88198
|
| 655 |
|
7 |
|a príručky
|2 SNKPH
|9 74364
|
| 830 |
|
0 |
|a Manuál v praxi
|9 283026
|
| 919 |
|
|
|a 80-901824-2-9
|
| 999 |
|
|
|c 624331
|d 626261
|
| 952 |
|
|
|t P60, <04>, [BOOK], {604}
|a SNK
|b SNK
|y VYP
|7 0
|p 17A0002237
|o snkIC 125638
|i snkV 00369/96
|0 0
|1 1
|4 0
|d 1996-03-06
|l 0
|r 2005-01-01 00:00:00
|w 2026-02-23
|